LIBRARY & INFORMATION CENTRE, KCAET, TAVANUR

ONLINE PUBLIC ACCESS CATALOGUE (OPAC)

Physical metallurgy:Principles and practice / (Record no. 11115)

MARC details
000 -LEADER
fixed length control field 00459cam a2200169ua 4500
020 ## - INTERNATIONAL STANDARD BOOK NUMBER
ISBN 0 87692 235 3
041 ## - LANGUAGE CODE
Language code of text/sound track or separate title eng
082 ## - DEWEY DECIMAL CLASSIFICATION NUMBER
Classification number 669
Item number RAG/PH
100 ## - MAIN ENTRY--AUTHOR NAME
Personal name Raghavan, V .
245 ## - TITLE STATEMENT
Title Physical metallurgy:Principles and practice /
260 ## - PUBLICATION, DISTRIBUTION, ETC. (IMPRINT)
Place of publication New Delhi :
Name of publisher Prentice Hall of India Pvt Ltd. ,
Year of publication 1985.
300 ## - PHYSICAL DESCRIPTION
Number of Pages 258 ; .
942 ## - ADDED ENTRY ELEMENTS (KOHA)
Koha item type Books
Holdings
Withdrawn status Lost status Damaged status Home library Current library Date acquired Full call number Accession Number Koha item type
      KAUAET KAUAET 07/04/2012 669 15673 Books
free website counter